Statistics for Biggest Capitals In North America

Click here to take the quiz!

General Stats

  • This quiz has been taken 144 times
    (112 since last reset)
  • The average score is 17 of 20

Answer Stats

Rank City % Correct
1Mexico CIty
100%
2Washington, D.C
99%
7Ottawa
96%
3Havana
95%
8Panama City
94%
10Port-au-Prince
93%
14Kingston
91%
5Guatemala City
89%
4Santo Domingo
87%
12San José
87%
9Tegucigalpa
84%
11San Salvador
84%
13Nassau
83%
6Managua
82%
17Belmopan
81%
15Port-of-Spain
81%
16Saint John's
71%
20Bridgetown
70%
18Kingstown
64%
19Basseterre
62%

Score Distribution

Percentile by Number Answered

Percent of People with Each Score

Your Score History

You have not taken this quiz since the last reset